LEADER 02685nam 2200613 a 450 001 9910454999603321 005 20200520144314.0 010 $a1-282-49732-4 010 $a9786612497322 010 $a0-7425-6662-5 035 $a(CKB)1000000000764253 035 $a(EBL)466701 035 $a(OCoLC)396988274 035 $a(SSID)ssj0000776897 035 $a(PQKBManifestationID)12268707 035 $a(PQKBTitleCode)TC0000776897 035 $a(PQKBWorkID)10748309 035 $a(PQKB)10386211 035 $a(MiAaPQ)EBC466701 035 $a(Au-PeEL)EBL466701 035 $a(CaPaEBR)ebr10364354 035 $a(CaONFJC)MIL249732 035 $a(EXLCZ)991000000000764253 100 $a20090112d2009 uy 0 101 0 $aeng 135 $aur|n|---||||| 181 $ctxt 182 $cc 183 $acr 200 10$aAnarchy as order$b[electronic resource] $ethe history and future of civic humanity /$fMohammed A. Bamyeh 210 $aLanham $cRowman & Littlefield$dc2009 215 $a1 online resource (251 p.) 225 1 $aWorld social change 300 $aDescription based upon print version of record. 311 $a0-7425-5674-3 311 $a0-7425-5673-5 320 $aIncludes bibliographical references (p. 223-231) and index. 327 $aContents; Acknowledgments; Part I. The Idea; Chapter 01. Anarchy as a Science of Humanity; Chapter 02. What Is Anarchy?; Part II. Around the Idea; Chapter 03. Civil Society and the State; Chapter 04. Trust and the Politics of Alliance; Chapter 05. Freedom and Commitment; Chapter 06. Anarchy as a Destination; Bibliography; Index; About the Author 330 $aThis original and impressively researched book explores the concept of anarchy-""unimposed order""-as the most humane and stable form of order in a chaotic world. Mohammed A. Bamyeh traces the historical foundations of anarchy and convincingly presents it as an alternative to both tyranny and democracy. He shows how anarchy is the best manifestation of civic order, of a healthy civil society, and of humanity's noblest attributes. A cogent and compelling critique of the modern state, this provocative book clarifies how anarchy may be both a guide for rational social order and a science of human 410 0$aWorld social change. 606 $aAnarchism 606 $aCivil society 608 $aElectronic books. 615 0$aAnarchism. 615 0$aCivil society. 676 $a335/.83 700 $aBamyeh$b Mohammed A$0701750 801 0$bMiAaPQ 801 1$bMiAaPQ 801 2$bMiAaPQ 906 $aBOOK 912 $a9910454999603321 996 $aAnarchy as order$92061205 997 $aUNINA LEADER 01008nam0-2200337---450 001 990008210490403321 005 20251125133534.0 010 $a3-459-01942-5 035 $a000821049 035 $aFED01000821049 035 $a(Aleph)000821049FED01 035 $a000821049 100 $a20051021d1992----km-y0itay50------ba 101 0 $ager 102 $aDE 105 $a--------001yy 200 1 $a<>Sozialität der Kirche$eTheologie und Theorie der Kirche in Dietrich Bonhoeffers Sanctorum Communio$fJoachim von Soosten 210 $aMünchen$cKaiser$d1992 225 1 $aÖffentliche Theologie$v2 610 0 $aBonhoeffers, Dietrich 610 0 $aTeologia 610 0 $aChiesa$aTeorie 676 $a262.009$v21$zita 700 1$aSoosten,$bJoachim von$0498793 801 0$aIT$bUNINA$c20051021$gRICA$2UNIMARC 901 $aBK 912 $a990008210490403321 952 $a199.42 SOOJ 01$bDip. fil. 2737$fFLFBC 959 $aFLFBC 996 $aSozialität der Kirche$9739758 997 $aUNINA